Piłkarska kariera Garrinchy. - Statystyki

Ogólne statystyki
  • Ten quiz został rozwiązany 17 razy
  • Średni wynik to 3 z 8
Statystyki odpowiedzi
Lata Drużyna % Poprawnych
1968-1969 Flamengo
80%
1953-1966 Botafogo
67%
1966-1967 Corinthians
47%
1972-1974 Olaria
20%
1967-1968 Portuguesa
20%
1968-1968 Junior
13%
1968-1968 Fortaleza
7%
?-1953 Petropolis
7%
Nie znaleziono quizów pasujących do podanych kryteriów
Rozkład punktacji
Procent ludzi z każdym wynikiem
Percentyl według liczby udzielonych odpowiedzi
Twoja historia wyników
Nie rozwiązałeś tego quizu